MARC

LEADER 00000nam0a2200000 4500
001 291577
005 20231102000413.0
035 |a (RuTPU)RU\TPU\book\316155 
090 |a 291577 
100 |a 20150415d1984 k y0rusy50 ca 
101 0 |a rus 
102 |a RU 
105 |a a z 001zy 
200 1 |a Твердые износостойкие гальванические и химические покрытия  |e материалы семинара  |f Всесоюзное общество "Знание" ; Московский Дом научно-технической пропаганды 
210 |a Москва  |d 1984 
215 |a 146 с.  |c ил. 
320 |a Библиогр. в конце ст. 
606 1 |a Гальваностегия  |2 stltpush  |3 (RuTPU)RU\TPU\subj\5532  |9 33585 
610 1 |a гальванические покрытия 
610 1 |a химические покрытия 
610 1 |a твердые покрытия 
610 1 |a износостойкие покрытия 
610 1 |a электроосаждение 
610 1 |a электролитическое хромирование 
610 1 |a железнение 
610 1 |a электрохимическое никелирование 
610 1 |a электролитическое никелирование 
610 1 |a электролитические покрытия 
610 1 |a металлы 
610 1 |a электролиты 
610 1 |a сталь 
610 1 |a материалы семинара 
675 |a 621.357.7(063)  |v 3 
712 0 2 |a Всесоюзное общество "Знание"  |c (1963-1991)  |c (Москва)  |2 stltpush  |3 (RuTPU)RU\TPU\col\9744  |9 24745 
712 0 2 |a Московский Дом научно-технической пропаганды  |2 stltpush  |3 (RuTPU)RU\TPU\col\7885  |9 24405 
801 1 |a RU  |b 63413507  |c 20150415 
801 2 |a RU  |b 63413507  |c 20180424  |g RCR 
942 |c BK